Physical activity towards health and fitness Pathfit 1: (Record no. 98713)

MARC details
000 -LEADER
fixed length control field 01049nam a22002897a 4500
003 - CONTROL NUMBER IDENTIFIER
control field URS
005 - DATE AND TIME OF LATEST TRANSACTION
control field 20260223101144.0
008 - FIXED-LENGTH DATA ELEMENTS--GENERAL INFORMATION
fixed length control field 260223b |||||||| |||| 00| 0 eng d
020 ## - INTERNATIONAL STANDARD BOOK NUMBER
International Standard Book Number 9786214092178
040 ## - CATALOGING SOURCE
Original cataloging agency DLC
Language of cataloging eng
Transcribing agency DLC
Modifying agency URS
Description conventions rda
050 ## - LIBRARY OF CONGRESS CALL NUMBER
Classification number GV 341
Item number .P5691 2024
100 ## - MAIN ENTRY--PERSONAL NAME
Personal name Ballecer, Meynardo L.
245 ## - TITLE STATEMENT
Title Physical activity towards health and fitness Pathfit 1:
Remainder of title movement competency training/
Statement of responsibility, etc. Meynardo L. Ballecer and four others.-
264 ## - PRODUCTION, PUBLICATION, DISTRIBUTION, MANUFACTURE, AND COPYRIGHT NOTICE
Place of production, publication, distribution, manufacture Mandaluyong City:
Name of producer, publisher, distributor, manufacturer Books Atbp. Publishing Corp.,
Date of production, publication, distribution, manufacture, or copyright notice 2024.
300 ## - PHYSICAL DESCRIPTION
Extent x,
Other physical details 206 pages: illustrations (black and white) ;
Dimensions 26 centimeters.
336 ## - CONTENT TYPE
Source rdacontent
Content type term text
Content type code txt
337 ## - MEDIA TYPE
Source rdamedia
Media type term unmediated
Media type code n
338 ## - CARRIER TYPE
Source rdacarrier
Carrier type term volume
Carrier type code nc
504 ## - BIBLIOGRAPHY, ETC. NOTE
Bibliography, etc. note Includes references.
546 ## - LANGUAGE NOTE
Language note In English text.
650 ## - SUBJECT ADDED ENTRY--TOPICAL TERM
Source of heading or term Health and fitness
700 ## - ADDED ENTRY--PERSONAL NAME
Personal name Dela Cruz, Francis Jose S.
700 ## - ADDED ENTRY--PERSONAL NAME
Personal name Ignacio, Rodolfo A. III
700 ## - ADDED ENTRY--PERSONAL NAME
Personal name Reyes, Mark Dexter L.
700 ## - ADDED ENTRY--PERSONAL NAME
Personal name Solmerano, Ernesto Thaddeus M.
942 ## - ADDED ENTRY ELEMENTS (KOHA)
Source of classification or shelving scheme Library of Congress Classification
Koha item type Filipiniana
Classification part GV 341
Item part .P5691 2024
Holdings
Withdrawn status Source of classification or shelving scheme Damaged status Not for loan Home library Current library Shelving location Date acquired Total Checkouts Full call number Barcode Date last seen Copy number Price effective from Koha item type
  Library of Congress Classification     Angono College Library Angono College Library Filipiniana Section 02/23/2026   GV 341 .P5691 2024 URSANG-7694 02/23/2026 1 02/23/2026 Filipiniana
  Library of Congress Classification     Angono College Library Angono College Library Filipiniana Section 02/23/2026   GV 341 .P5691 2024 URSANG-7695 02/23/2026 2 02/23/2026 Filipiniana
  Dewey Decimal Classification     Pililla College Library Pililla College Library Filipiniana Section 02/18/2026   612.6 P5691 2024 URSPIL-7472 02/18/2026 2 02/18/2026 Filipiniana
  Dewey Decimal Classification     Pililla College Library Pililla College Library Filipiniana Section 02/18/2026   612.6 P5691 2024 URSPIL-7471 02/19/2026 1 02/18/2026 Filipiniana

University of Rizal System
Email us at univlibservices@urs.edu.ph

Visit our Website www.urs.edu.ph/library